000 00194nam a22000857a 4500
999 _c16273
_d16273
003 OSt
008 200629b ||||| |||| 00| 0 eng d
245 _aAgricultural Co-operation in India
942 _cBK